Record Details

Sleeping Beauty

Richard Johnson (Author).

Record details

  • ISBN: 9780723272939
  • Physical Description: Hardcover
  • Publisher: London Ladybird Books
Subject: Juvenile Fiction

Available copies

  • 12 of 12 copies available at Headquarters.
Location Call Number / Copy Notes Barcode Shelving Location Status Due Date
Airport Children Library 201 JFIC/JOH 000001438079 Childrens' Fiction Available -
Airport Children Library 201 JFIC/JOH 000001438086 Childrens' Fiction Available -
Airport Children Library 201 JFIC/JOH 000001438093 Childrens' Fiction Available -
Airport Children Library 201 JFIC/JOH 000001438109 Childrens' Fiction Available -
Airport Children Library 201 JFIC/JOH 000001438116 Childrens' Fiction Available -
Airport Children Library 201 JFIC/JOH 000001438123 Childrens' Fiction Available -
Airport Children Library 201 JFIC/JOH 000001438130 Childrens' Fiction Available -
Airport Children Library 201 JFIC/JOH 000001438147 Childrens' Fiction Available -
Airport Children Library 201 JFIC/JOH 000001438154 Childrens' Fiction Available -
Airport Children Library 201 JFIC/JOH 000001438161 Childrens' Fiction Available -

No reviews or recommendations are currently available.

Loading shelf browser…

LDR 00620cam a2200205Ka 4500
00178353
003HQ
00520210413101503.0
008070101s xxka br 1 eng d
020 . ‡a9780723272939
037 . ‡aSSNIT
082 . ‡aJFIC/JOH
100 . ‡aRichard Johnson
245 . ‡aSleeping Beauty
260 . ‡aLondon ‡bLadybird Books
300 . ‡aHardcover
650 . ‡aJuvenile Fiction
901 . ‡a78353 ‡bAUTOGEN ‡c78353 ‡tbiblio

Session Timeout

Your session will expire in minutes and seconds.

If you need more time, please click "Continue Session."

Session Ended

Your session has ended. Redirecting to the home page...